[Event "Festival de Calviá 2009 - 6. Open s2300"]
[Site "Calvia ESP"]
[Date "2009.10.14"]
[Round "5.4"]
[White "Cruz, Jonathan"]
[Black "Bendayan Claros, Aaron"]
[Result "0-1"]
[WhiteElo "2292"]
[BlackElo "2179"]
[PlyCount "112"]
[EventDate "2009.10.10"]
[EventType "swiss"]
[EventRounds "9"]
[EventCountry "ESP"]
[Source "lmi"]
[SourceDate "2009.10.10"]

1. d4 d5 2. c4 e6 3. Nc3 Nf6 4. Nf3 Bb4 5. Bg5 Nbd7 6. e3 c5 7. cxd5 exd5 8.
Bd3 Qa5 9. O-O O-O 10. Nxd5 Nxd5 11. a3 cxd4 12. axb4 Qb6 13. Bc4 Nxb4 14. exd4
Nf6 15. Qb3 a5 16. Ne5 Be6 17. Bxf6 gxf6 18. Qg3+ Kh8 19. Qh4 Qd8 20. Bd3 f5
21. Qf4 Qf6 22. Bb1 Rg8 23. Ra3 Rg7 24. Be4 Nd5 25. Bxd5 Bxd5 26. g3 Qb6 27.
Rc3 Qxb2 28. Rfc1 Be6 29. d5 Bxd5 30. Qd4 Rd8 31. Nxf7+ Bxf7 32. Qxd8+ Bg8 33.
Qxa5 f4 34. Qe5 fxg3 35. hxg3 h6 36. Rd1 Kh7 37. Qf5+ Kh8 38. Qf6 Kh7 39. Kh2
Rf7 40. Qd4 Rxf2+ 41. Kh3 Be6+ 42. g4 Rh2+ 43. Kg3 Qg2+ 44. Kf4 Qxg4+ 45. Ke5
Rh5+ 46. Kf6 Qg6+ 47. Ke7 Qf7+ 48. Kd8 Rd5+ 49. Qxd5 Qg8+ 50. Ke7 Bxd5 51. Rc7
Qe6+ 52. Kd8+ Kg6 53. Rd7 Qb6+ 54. Rc7 Qf6+ 55. Re7 Qf8+ 56. Kd7 Bc6+ 0-1

[Event "Festival de Calviá 2009 - 6. Open s2300"]
[Site "Calvia ESP"]
[Date "2009.10.14"]
[Round "5.5"]
[White "Planas Gene, Juan"]
[Black "Massanet Massanet, Sebastian"]
[Result "1/2-1/2"]
[WhiteElo "2130"]
[BlackElo "2297"]
[PlyCount "138"]
[EventDate "2009.10.10"]
[EventType "swiss"]
[EventRounds "9"]
[EventCountry "ESP"]
[Source "lmi"]
[SourceDate "2009.10.10"]

1. d4 d5 2. c4 c6 3. Nf3 Nf6 4. Nc3 e6 5. cxd5 exd5 6. Bg5 Be7 7. e3 Bf5 8. Bd3
Bxd3 9. Qxd3 O-O 10. O-O Ne4 11. Bxe7 Qxe7 12. b4 Na6 13. a3 Nc7 14. Nd2 f5 15.
f3 Nxd2 16. Qxd2 a5 17. bxa5 Rxa5 18. a4 Ne8 19. e4 dxe4 20. fxe4 fxe4 21.
Rxf8+ Qxf8 22. Nxe4 Rf5 23. Qa2+ Kh8 24. Qe6 Rf7 25. Nc5 Re7 26. Rf1 Nf6 27.
Qd6 Qe8 28. Nd3 Re6 29. Qc5 h6 30. Ne5 Nd7 31. Nxd7 Qxd7 32. Rf8+ Kh7 33. Qf5+
g6 34. Rf7+ Kg8 35. Qxg6+ Rxg6 36. Rxd7 b6 37. Rb7 c5 38. dxc5 bxc5 39. a5 Ra6
40. Rb5 c4 41. Kf2 Kg7 42. Ke3 Rd6 43. Rb7+ Kg8 44. Rb6 Rd3+ 45. Ke4 Ra3 46. a6
Kg7 47. Kd4 c3 48. Kd3 Kh7 49. h4 h5 50. Kc2 Kg7 51. Rc6 Kh7 52. g3 Kg7 53. Kd3
Kh7 54. Ke4 c2 55. Rxc2 Rxa6 56. Rc5 Ra4+ 57. Kf3 Kh6 58. Rf5 Ra3+ 59. Kg2 Kg6
60. Rf3 Ra2+ 61. Kh3 Ra4 62. Rb3 Rc4 63. Kg2 Kh6 64. Kf3 Kg6 65. Rb6+ Kh7 66.
Re6 Rc3+ 67. Kf4 Rc4+ 68. Re4 Rc3 69. Re5 Rc4+ 1/2-1/2

[Event "Festival de Calviá 2009 - 6. Open s2300"]
[Site "Calvia ESP"]
[Date "2009.10.14"]
[Round "5.6"]
[White "Gonzalez Arribas, Vidal A"]
[Black "Lechado Artigues, Pedro"]
[Result "1-0"]
[WhiteElo "2286"]
[BlackElo "2110"]
[PlyCount "45"]
[EventDate "2009.10.10"]
[EventType "swiss"]
[EventRounds "9"]
[EventCountry "ESP"]
[Source "lmi"]
[SourceDate "2009.10.10"]

1. c4 Nf6 2. Nc3 g6 3. g3 Bg7 4. Bg2 O-O 5. Nf3 d6 6. d4 Nc6 7. O-O a6 8. b3
Rb8 9. Nd5 Ne4 10. Bb2 f5 11. Rc1 Bh6 12. e3 g5 13. Nc3 g4 14. Ne1 Ng5 15. Nd3
Qe8 16. Nd5 e6 17. Nxc7 Qf7 18. Nxe6 Bxe6 19. d5 Bd7 20. dxc6 Bxc6 21. Nf4 Nh3+
22. Nxh3 gxh3 23. Bd5 1-0

[Event "Festival de Calviá 2009 - 6. Open s2300"]
[Site "Calvia ESP"]
[Date "2009.10.14"]
[Round "5.7"]
[White "Tart, Peter K"]
[Black "Barcelo Pujadas, Pedro Jose"]
[Result "0-1"]
[WhiteElo "2078"]
[BlackElo "2249"]
[PlyCount "48"]
[EventDate "2009.10.10"]
[EventType "swiss"]
[EventRounds "9"]
[EventCountry "ESP"]
[Source "lmi"]
[SourceDate "2009.10.10"]

1. e4 e6 2. d4 d5 3. c4 dxe4 4. Nc3 Nf6 5. Be3 Nbd7 6. Nge2 b6 7. Qc2 Bb7 8.
Ng3 Bb4 9. Be2 O-O 10. O-O Bxc3 11. bxc3 c5 12. f3 exf3 13. gxf3 Qc7 14. Rf2
cxd4 15. cxd4 Nd5 16. Qd2 Nxe3 17. Qxe3 e5 18. Nf5 exd4 19. Qxd4 Qe5 20. Qxd7
Qxa1+ 21. Rf1 Qe5 22. Rf2 Bc8 23. Ne7+ Kh8 24. Qc6 Bh3 0-1

[Event "Festival de Calviá 2009 - 6. Open s2300"]
[Site "Calvia ESP"]
[Date "2009.10.14"]
[Round "5.8"]
[White "Fruebing, Thomas"]
[Black "Schuermans, Robert"]
[Result "1/2-1/2"]
[WhiteElo "2232"]
[BlackElo "2103"]
[PlyCount "130"]
[EventDate "2009.10.10"]
[EventType "swiss"]
[EventRounds "9"]
[EventCountry "ESP"]
[Source "lmi"]
[SourceDate "2009.10.10"]

1. e4 e5 2. Nf3 Nc6 3. Bc4 Nf6 4. Ng5 Bc5 5. d4 Bxd4 6. Bxf7+ Ke7 7. Bd5 Rf8 8.
Nf3 Bb6 9. Bg5 d6 10. Nh4 Ke8 11. O-O Bg4 12. Qd3 Nd4 13. Nf5 Qd7 14. Nxd4 Nxd5
15. exd5 Bxd4 16. c3 Bb6 17. Nd2 Qf7 18. Be3 Qh5 19. Rae1 Bf5 20. Qc4 Qg6 21.
Bxb6 axb6 22. Ne4 Kd8 23. f3 Bd7 24. a3 Rf4 25. Qe2 Ke7 26. Rf2 Raf8 27. g3 Kd8
28. Kh1 R4f7 29. Qe3 h6 30. Rg1 Qh5 31. g4 Qh4 32. Rg3 Rf4 33. Kg2 Qe7 34. c4
Qf7 35. h3 g5 36. b3 Qh7 37. a4 Be8 38. a5 Bg6 39. Nc3 bxa5 40. Qa7 Qd7 41.
Qa8+ Qc8 42. Qxa5 e4 43. c5 dxc5 44. Qxc5 Qd7 45. Qa7 b6 46. Qa8+ Ke7 47. Qa1
Qd6 48. Re2 Kf7 49. fxe4 Qe5 50. Qe1 Kg7 51. Rge3 h5 52. Rg3 Rf1 53. Qd2 h4 54.
Rd3 R8f3 55. Rxf3 Rxf3 56. Rf2 Qg3+ 57. Kf1 Qxh3+ 58. Ke2 Rxc3 59. Qd4+ Kg8 60.
Rf8+ Kxf8 61. Qf6+ Ke8 62. Qxg6+ Kd8 63. Qg8+ Kd7 64. Qe6+ Kd8 65. Qg8+ Kd7
1/2-1/2

[Event "Festival de Calviá 2009 - 6. Open s2300"]
[Site "Calvia ESP"]
[Date "2009.10.14"]
[Round "5.9"]
[White "Vega Gomez, Francisco B"]
[Black "Haga, Halvor"]
[Result "1-0"]
[WhiteElo "2226"]
[BlackElo "1986"]
[PlyCount "61"]
[EventDate "2009.10.10"]
[EventType "swiss"]
[EventRounds "9"]
[EventCountry "ESP"]
[Source "lmi"]
[SourceDate "2009.10.10"]

1. Nf3 g6 2. e4 d6 3. d4 Bg7 4. Nc3 Nd7 5. g3 e5 6. Bg2 Ngf6 7. O-O O-O 8. h3
c6 9. a4 a5 10. Re1 Re8 11. Be3 h6 12. Qd2 Kh7 13. Rad1 Qe7 14. b3 b6 15. dxe5
dxe5 16. Qd6 Qxd6 17. Rxd6 Bb7 18. Red1 Re7 19. g4 Nc5 20. Ne1 Nfd7 21. h4 Rf8
22. Bh3 f6 23. g5 Rff7 24. h5 hxg5 25. hxg6+ Kxg6 26. Bf5+ Kh5 27. Nf3 Nf8 28.
Kg2 Ng6 29. Rh1+ Nh4+ 30. Kg3 Bf8 31. Nxh4 1-0

[Event "Festival de Calviá 2009 - 6. Open s2300"]
[Site "Calvia ESP"]
[Date "2009.10.14"]
[Round "5.10"]
[White "De Seroux, Camille"]
[Black "Galiana Salom, Juan Ramon"]
[Result "0-1"]
[WhiteElo "1961"]
[BlackElo "2216"]
[PlyCount "86"]
[EventDate "2009.10.10"]
[EventType "swiss"]
[EventRounds "9"]
[EventCountry "ESP"]
[Source "lmi"]
[SourceDate "2009.10.10"]

1. e4 e6 2. d4 d5 3. Nd2 Nf6 4. e5 Nfd7 5. c3 c5 6. Bd3 Nc6 7. Ne2 cxd4 8. cxd4
f6 9. exf6 Nxf6 10. O-O Bd6 11. Nf3 Qc7 12. Bg5 O-O 13. Bh4 g6 14. Bg3 Nh5 15.
Bxd6 Qxd6 16. Rc1 Bd7 17. Bb5 Rxf3 18. gxf3 Rf8 19. Rc3 Qe7 20. Qd2 a6 21. Bxc6
Bxc6 22. Kh1 Qh4 23. Qe3 Ng7 24. Rg1 Rf5 25. Rg4 Qe7 26. Ng3 Rf8 27. a3 Qc7 28.
Rh4 h5 29. Qg5 Kh7 30. Qe5 Qb6 31. b4 a5 32. Qd6 axb4 33. axb4 Rf7 34. Qc5 Qd8
35. Rh3 Qe8 36. Qd6 Qa8 37. Qc5 e5 38. dxe5 d4 39. Rc1 Qa3 40. Ne4 Bxe4 41.
fxe4 Qxh3 42. Qxd4 Qf3+ 43. Kg1 Rf4 0-1

[Event "Festival de Calviá 2009 - 6. Open s2300"]
[Site "Calvia ESP"]
[Date "2009.10.14"]
[Round "5.11"]
[White "Ask, Josef"]
[Black "Redondo Arguelles, Graciela"]
[Result "1-0"]
[WhiteElo "2181"]
[BlackElo "2059"]
[PlyCount "88"]
[EventDate "2009.10.10"]
[EventType "swiss"]
[EventRounds "9"]
[EventCountry "ESP"]
[Source "lmi"]
[SourceDate "2009.10.10"]

1. c4 d6 2. d4 e5 3. Nf3 Nd7 4. Nc3 Ngf6 5. Bg5 Be7 6. e3 O-O 7. Qc2 Re8 8. Be2
c6 9. O-O h6 10. Bh4 Nh7 11. Bg3 Ng5 12. Rfd1 Nxf3+ 13. Bxf3 Bh4 14. Ne4 Bxg3
15. hxg3 Qc7 16. dxe5 dxe5 17. Nd6 Rf8 18. Qf5 Nf6 19. Qxe5 Be6 20. e4 Rad8 21.
c5 Rd7 22. b4 Rfd8 23. Qb2 b6 24. Rab1 bxc5 25. bxc5 Qa5 26. a3 Qxc5 27. Nb7
Rxd1+ 28. Bxd1 Rxd1+ 29. Rxd1 Qh5 30. f3 Qg5 31. Qf2 Nd7 32. Nd6 Nb6 33. f4 Qa5
34. Qe3 Bg4 35. Rc1 Qa4 36. Kh2 Bd7 37. Qc3 Qa6 38. Re1 Na4 39. Qb3 Be6 40.
Qb8+ Kh7 41. f5 Ba2 42. Qf8 Qa5 43. Ne8 Qe5 44. f6 gxf6 1-0

[Event "Festival de Calviá 2009 - 6. Open s2300"]
[Site "Calvia ESP"]
[Date "2009.10.14"]
[Round "5.12"]
[White "Valls Casas, Jordi"]
[Black "Gomez Jurado, Luis Alberto"]
[Result "0-1"]
[WhiteElo "2094"]
[BlackElo "2287"]
[PlyCount "112"]
[EventDate "2009.10.10"]
[EventType "swiss"]
[EventRounds "9"]
[EventCountry "ESP"]
[Source "lmi"]
[SourceDate "2009.10.10"]

1. d4 Nf6 2. Nf3 c5 3. d5 b5 4. c4 g6 5. cxb5 a6 6. bxa6 Bxa6 7. Nc3 d6 8. e4
Bxf1 9. Kxf1 Bg7 10. g3 O-O 11. Kg2 Nbd7 12. h3 Qa5 13. Re1 Rfb8 14. Qc2 Ra7
15. Bd2 Ne8 16. a4 Rab7 17. Nb5 Qa6 18. Bc3 Ndf6 19. Rab1 Nc7 20. Nxc7 Rxc7 21.
Red1 Qa8 22. g4 h6 23. g5 hxg5 24. Nxg5 Qa6 25. e5 Nh5 26. e6 f5 27. Bxg7 Kxg7
28. Nf7 Rb4 29. Qc3+ Nf6 30. b3 Qe2 31. Nd8 Qe4+ 32. f3 Qe2+ 33. Kg1 Rf4 34.
Rd3 c4 35. Re3 Qa2 36. Ra1 Qxb3 37. Qxb3 cxb3 38. Rxb3 Nxd5 39. a5 Rfc4 40.
Rba3 Ra7 41. a6 Nc7 42. Kg2 Kf6 43. R1a2 Ra8 44. Nb7 Rb4 45. Na5 Rxa6 46. Kg3
Rb5 47. Nc4 Rxa3 48. Rxa3 Nxe6 49. Ra7 Rb4 50. Nd2 Rb2 51. Nc4 f4+ 52. Kh4 g5+
53. Kg4 Rg2+ 54. Kh5 Rg3 55. h4 Ng7+ 56. Kh6 Nf5+ 0-1

[Event "Festival de Calviá 2009 - 6. Open s2300"]
[Site "Calvia ESP"]
[Date "2009.10.14"]
[Round "5.14"]
[White "Burton, Graham P"]
[Black "Hutchinson, Paul A"]
[Result "0-1"]
[WhiteElo "2042"]
[BlackElo "2228"]
[PlyCount "130"]
[EventDate "2009.10.10"]
[EventType "swiss"]
[EventRounds "9"]
[EventCountry "ESP"]
[Source "lmi"]
[SourceDate "2009.10.10"]

1. e4 Nc6 2. Nf3 d6 3. d4 g6 4. Be2 Bg7 5. O-O e5 6. dxe5 dxe5 7. Qxd8+ Nxd8 8.
Nc3 Ne6 9. Be3 h6 10. Rfd1 Ne7 11. Nd5 c6 12. Nxe7 Kxe7 13. Bc4 b6 14. a4 Bb7
15. c3 Rhd8 16. b4 f5 17. exf5 gxf5 18. Nh4 Kf6 19. f3 Bf8 20. g4 f4 21. Bf2
Ng5 22. Kg2 c5 23. bxc5 bxc5 24. Rab1 Bc6 25. Bb5 Rxd1 26. Rxd1 Rc8 27. Bxc6
Rxc6 28. Nf5 Ra6 29. Rd8 Ne6 30. Bh4+ Kg6 31. Rd7 Ng5 32. Bxg5 hxg5 33. Rd8 Kf7
34. Rb8 Rxa4 35. Rb7+ Ke6 36. Rb8 Ra2+ 37. Kh3 Rf2 38. Rxf8 Rxf3+ 39. Kg2 Rxc3
40. Rd8 e4 41. Re8+ Kd5 42. Rd8+ Kc6 43. Rc8+ Kd7 44. Ra8 Rc2+ 45. Kf1 Ra2 46.
h4 e3 47. h5 c4 48. h6 c3 49. Nd4 f3 50. Nxf3 Rf2+ 51. Ke1 Rxf3 52. Rxa7+ Kd6
53. Ra3 c2 54. Rc3 Rh3 55. Rxc2 Rxh6 56. Rc8 Ke5 57. Ke2 Kf4 58. Rf8+ Kxg4 59.
Kxe3 Ra6 60. Rb8 Kg3 61. Ke4 Ra4+ 62. Kf5 g4 63. Rb3+ Kg2 64. Rb2+ Kh3 65. Rb8
g3 0-1

[Event "Festival de Calviá 2009 - 6. Open s2300"]
[Site "Calvia ESP"]
[Date "2009.10.14"]
[Round "5.16"]
[White "Lind, Jan-Olov"]
[Black "Dzubasz, Tino"]
[Result "1-0"]
[WhiteElo "2189"]
[BlackElo "2071"]
[PlyCount "75"]
[EventDate "2009.10.10"]
[EventType "swiss"]
[EventRounds "9"]
[EventCountry "ESP"]
[Source "lmi"]
[SourceDate "2009.10.10"]

1. d4 e6 2. c4 Nf6 3. Nf3 Bb4+ 4. Bd2 a5 5. g3 b6 6. Bg2 Bb7 7. O-O Bxd2 8.
Qxd2 O-O 9. Nc3 Ne4 10. Nxe4 Bxe4 11. Qf4 f5 12. Rfd1 Qc8 13. Rac1 d6 14. c5
Qd7 15. cxd6 cxd6 16. Nd2 Bxg2 17. Kxg2 b5 18. Qf3 Ra6 19. d5 e5 20. Rc2 Ra7
21. Rdc1 Na6 22. a3 b4 23. Nc4 bxa3 24. bxa3 Rb8 25. Nxa5 Nc5 26. Rxc5 dxc5 27.
Nc6 Rf8 28. Nxa7 Qxa7 29. Qc3 Ra8 30. Qxe5 Qxa3 31. d6 Rd8 32. Qd5+ Kh8 33.
Rxc5 Qa6 34. Rc2 h6 35. Rd2 Rd7 36. Qxf5 Qc6+ 37. e4 Rd8 38. Qd5 1-0

[Event "Festival de Calviá 2009 - 6. Open s2300"]
[Site "Calvia ESP"]
[Date "2009.10.14"]
[Round "5.19"]
[White "Alvarez Pedrosa, Valeriano"]
[Black "Minina, Veronika"]
[Result "0-1"]
[WhiteElo "1985"]
[BlackElo "2167"]
[PlyCount "59"]
[EventDate "2009.10.10"]
[EventType "swiss"]
[EventRounds "9"]
[EventCountry "ESP"]
[Source "lmi"]
[SourceDate "2009.10.10"]

1. e4 c5 2. Nc3 a6 3. g3 b5 4. Bg2 Bb7 5. d3 e6 6. Nf3 d5 7. exd5 exd5 8. O-O
Nf6 9. Bg5 Be7 10. Bxf6 Bxf6 11. Re1+ Kf8 12. d4 c4 13. Ne5 b4 14. Ne2 a5 15.
Nf4 Na6 16. Qg4 Nc7 17. c3 g6 18. Re2 h5 19. Qf3 Kg7 20. h4 Rb8 21. Rae1 Qd6
22. Nh3 Rhe8 23. Ng5 Re7 24. g4 hxg4 25. Qxg4 Bc8 26. Qg3 Bxg5 27. Qxg5 f6 28.
Qg3 fxe5 29. Rxe5 Rxe5 30. Rxe5 0-1

[Event "Festival de Calviá 2009 - 6. Open s2300"]
[Site "Calvia ESP"]
[Date "2009.10.15"]
[Round "6.1"]
[White "Andersen, Lars Even"]
[Black "Spence, David J"]
[Result "1/2-1/2"]
[WhiteElo "2242"]
[BlackElo "2223"]
[PlyCount "79"]
[EventDate "2009.10.10"]
[EventType "swiss"]
[EventRounds "9"]
[EventCountry "ESP"]
[Source "lmi"]
[SourceDate "2009.10.10"]

1. d4 e6 2. Nf3 Nf6 3. g3 d5 4. c4 dxc4 5. Qa4+ Bd7 6. Qxc4 Bc6 7. Bg2 Be7 8.
O-O O-O 9. Nc3 Nbd7 10. Re1 Bxf3 11. Bxf3 c6 12. e4 Nb6 13. Qd3 Qd7 14. Bf4
Rad8 15. Rad1 Rfe8 16. Qf1 Qc8 17. h4 Rd7 18. Rd2 Red8 19. Red1 h6 20. Be5 a5
21. Qe2 a4 22. Bg2 a3 23. b3 Qa8 24. Rd3 Qa5 25. Bh3 Ne8 26. Bf4 Bb4 27. Nb1
Nc7 28. Qg4 Kh7 29. Be5 Bf8 30. Nd2 Qxe5 31. dxe5 Rxd3 32. Qf4 Bb4 33. Qxf7
R8d7 34. Qh5 Bxd2 35. Bxe6 g6 36. Qg4 h5 37. Qh3 Re7 38. Qf1 Rd4 39. Qe2 Bc3
40. Bf5 1/2-1/2

[Event "Festival de Calviá 2009 - 6. Open s2300"]
[Site "Calvia ESP"]
[Date "2009.10.15"]
[Round "6.2"]
[White "Alcaraz Ortega, Javier"]
[Black "Bendayan Claros, Aaron"]
[Result "1-0"]
[WhiteElo "2236"]
[BlackElo "2179"]
[PlyCount "93"]
[EventDate "2009.10.10"]
[EventType "swiss"]
[EventRounds "9"]
[EventCountry "ESP"]
[Source "lmi"]
[SourceDate "2009.10.10"]

1. c4 e5 2. Nc3 Nf6 3. Nf3 Nc6 4. e3 Bb4 5. Qc2 O-O 6. Be2 Re8 7. O-O b6 8. a3
Bf8 9. d4 d6 10. b3 Bb7 11. Bb2 g6 12. Rfd1 e4 13. Nd2 Nb8 14. d5 Qe7 15. b4
Bg7 16. Rac1 Nbd7 17. Bf1 Nb8 18. g3 Bc8 19. Bg2 Bg4 20. Re1 Bf5 21. h3 h5 22.
Nb3 Nbd7 23. Nb5 Rec8 24. N3d4 Ne5 25. Nxf5 gxf5 26. Nd4 Qd7 27. Rf1 h4 28. f3
hxg3 29. fxe4 Nxe4 30. Nxf5 Nf2 31. Rxf2 gxf2+ 32. Qxf2 Qd8 33. Be4 Qf6 34. Bd4
Kf8 35. Kh2 Bh8 36. Rg1 Ke8 37. Qc2 c5 38. dxc6 Kd8 39. Qa4 Kc7 40. Qa6 Rcb8
41. Rg8 Nf3+ 42. Bxf3 Qxf5 43. Rxh8 Qc2+ 44. Bg2 Qf5 45. Rxb8 Rxb8 46. Qxa7+
Kc8 47. h4 1-0

[Event "Festival de Calviá 2009 - 6. Open s2300"]
[Site "Calvia ESP"]
[Date "2009.10.15"]
[Round "6.3"]
[White "Galiana Salom, Juan Ramon"]
[Black "Gonzalez Arribas, Vidal A"]
[Result "1/2-1/2"]
[WhiteElo "2216"]
[BlackElo "2286"]
[PlyCount "131"]
[EventDate "2009.10.10"]
[EventType "swiss"]
[EventRounds "9"]
[EventCountry "ESP"]
[Source "lmi"]
[SourceDate "2009.10.10"]

1. e4 c5 2. Nc3 Nc6 3. f4 g6 4. Nf3 Bg7 5. Bb5 Nd4 6. d3 Qa5 7. Bc4 Nxf3+ 8.
gxf3 e6 9. Bd2 Qd8 10. h4 Nf6 11. e5 Nh5 12. Ne4 O-O 13. Be3 d5 14. exd6 f5 15.
Nc3 Qxd6 16. Qd2 Bd4 17. Nb5 Bxe3 18. Nxd6 Bxd2+ 19. Kxd2 Nxf4 20. h5 Kg7 21.
hxg6 hxg6 22. Rae1 Rd8 23. Nxc8 Raxc8 24. Bxe6 Nxe6 25. Rxe6 Re8 26. Rd6 Rcd8
27. Rxd8 Rxd8 28. Ke3 g5 29. f4 Re8+ 30. Kf2 g4 31. Rh5 Kg6 32. Rg5+ Kf6 33.
Rh5 c4 34. Rh6+ Kg7 35. Rd6 cxd3 36. cxd3 Kf7 37. Rd5 Kf6 38. Rd6+ Re6 39. Rd7
Rb6 40. b3 Ra6 41. Kg3 Rxa2 42. Rxb7 Ra6 43. Rh7 Rd6 44. Rh6+ Ke7 45. Rh7+ Ke6
46. Rxa7 Rxd3+ 47. Kh4 Rxb3 48. Kg5 Rb5 49. Ra6+ Kd7 50. Ra7+ Kc6 51. Ra6+ Kb7
52. Rg6 Rd5 53. Re6 Kc7 54. Ra6 Kd7 55. Ra7+ Ke6 56. Ra6+ Rd6 57. Ra5 g3 58.
Re5+ Kf7 59. Re1 g2 60. Rg1 Rf6 61. Kh4 Rg6 62. Kh3 Rg4 63. Rxg2 Rxf4 64. Ra2
Kf6 65. Kg3 Rb4 66. Kf3 1/2-1/2

[Event "Festival de Calviá 2009 - 6. Open s2300"]
[Site "Calvia ESP"]
[Date "2009.10.15"]
[Round "6.4"]
[White "Barcelo Pujadas, Pedro Jose"]
[Black "Gaya Llodra, Juan"]
[Result "1/2-1/2"]
[WhiteElo "2249"]
[BlackElo "2218"]
[PlyCount "34"]
[EventDate "2009.10.10"]
[EventType "swiss"]
[EventRounds "9"]
[EventCountry "ESP"]
[Source "lmi"]
[SourceDate "2009.10.10"]

1. Nf3 d5 2. c4 d4 3. e3 Nc6 4. exd4 Nxd4 5. Nxd4 Qxd4 6. Nc3 c6 7. Be2 Nf6 8.
d3 e5 9. Be3 Qd8 10. O-O Qc7 11. d4 exd4 12. Bxd4 Be7 13. Bf3 Be6 14. Qe2 O-O
15. Rad1 Rfe8 16. b3 Qa5 17. Qe5 Qxe5 1/2-1/2

[Event "Festival de Calviá 2009 - 6. Open s2300"]
[Site "Calvia ESP"]
[Date "2009.10.15"]
[Round "6.5"]
[White "Ask, Josef"]
[Black "Vega Gomez, Francisco B"]
[Result "0-1"]
[WhiteElo "2181"]
[BlackElo "2226"]
[PlyCount "100"]
[EventDate "2009.10.10"]
[EventType "swiss"]
[EventRounds "9"]
[EventCountry "ESP"]
[Source "lmi"]
[SourceDate "2009.10.10"]

1. c4 c5 2. Nc3 g6 3. g3 Bg7 4. Bg2 Nc6 5. e3 d6 6. Nge2 e5 7. O-O Nge7 8. Rb1
Be6 9. Nd5 O-O 10. a3 Rb8 11. Nec3 a6 12. b4 cxb4 13. axb4 b5 14. cxb5 axb5 15.
d3 f5 16. Bd2 g5 17. Ra1 g4 18. Ra6 h5 19. Qc1 Qd7 20. Qa3 h4 21. Rc1 h3 22.
Bh1 Rf7 23. Nxe7+ Nxe7 24. Ra7 Qd8 25. Qa6 Qb6 26. Qxb6 Rxb6 27. Ra5 d5 28.
Rxb5 Rxb5 29. Nxb5 e4 30. Nc7 Bd7 31. Rc5 Bc6 32. b5 Bb7 33. b6 Rf6 34. Ba5 Rc6
35. d4 Rxc5 36. dxc5 Be5 37. Ne6 Nc6 38. Bd2 Kf7 39. Ng5+ Kf6 40. f4 Ba1 41.
Kf2 Nd8 42. Ke1 Ne6 43. Nxe6 Kxe6 44. Kd1 d4 45. Kc2 Kd5 46. Kb1 dxe3 47. Bxe3
Bd4 48. Bxd4 Kxd4 49. Kc2 Kxc5 50. Kc3 Bd5 0-1

[Event "Festival de Calviá 2009 - 6. Open s2300"]
[Site "Calvia ESP"]
[Date "2009.10.15"]
[Round "6.6"]
[White "Massanet Massanet, Sebastian"]
[Black "Lacrosse, Marc"]
[Result "0-1"]
[WhiteElo "2297"]
[BlackElo "2179"]
[PlyCount "72"]
[EventDate "2009.10.10"]
[EventType "swiss"]
[EventRounds "9"]
[EventCountry "ESP"]
[Source "lmi"]
[SourceDate "2009.10.10"]

1. d4 d5 2. g3 Nf6 3. Bg2 e6 4. Nf3 Be7 5. O-O O-O 6. c4 dxc4 7. Qc2 a6 8. Qxc4
b5 9. Qc2 Bb7 10. Bd2 Be4 11. Qc1 Nc6 12. Be3 Rc8 13. Nbd2 Bd5 14. Nb3 Nb4 15.
Ne1 Ng4 16. Nc5 Nxa2 17. Rxa2 Bxc5 18. Rxa6 Bxg2 19. Nxg2 Bxd4 20. Rd1 Nxe3 21.
Nxe3 c5 22. b4 Bxe3 23. fxe3 cxb4 24. Qb1 Qg5 25. Kf2 Rc4 26. Qd3 h5 27. Rb6 h4
28. Qd6 hxg3+ 29. hxg3 Qh5 30. Rd4 Rc2 31. g4 Qh4+ 32. Kf3 Qh1+ 33. Kf2 Rc1 34.
Kg3 g5 35. e4 Qg1+ 36. Kh3 Qe3+ 0-1

[Event "Festival de Calviá 2009 - 6. Open s2300"]
[Site "Calvia ESP"]
[Date "2009.10.15"]
[Round "6.7"]
[White "Gomez Jurado, Luis Alberto"]
[Black "Minina, Veronika"]
[Result "1-0"]
[WhiteElo "2287"]
[BlackElo "2167"]
[PlyCount "45"]
[EventDate "2009.10.10"]
[EventType "swiss"]
[EventRounds "9"]
[EventCountry "ESP"]
[Source "lmi"]
[SourceDate "2009.10.10"]

1. d4 Nf6 2. Nf3 g6 3. c4 Bg7 4. Nc3 O-O 5. e4 d6 6. Be2 Bg4 7. Be3 Nfd7 8. Ng1
Bxe2 9. Ngxe2 a6 10. O-O c5 11. dxc5 dxc5 12. Qd5 Qc8 13. Rad1 e6 14. Qg5 b6
15. f4 Nc6 16. f5 exf5 17. exf5 Nf6 18. Nd5 Nxd5 19. cxd5 Na5 20. f6 Bh8 21.
Nc3 Qd7 22. d6 Rfe8 23. Nd5 1-0

[Event "Festival de Calviá 2009 - 6. Open s2300"]
[Site "Calvia ESP"]
[Date "2009.10.15"]
[Round "6.9"]
[White "Schuermans, Robert"]
[Black "Frick, Christoph"]
[Result "1-0"]
[WhiteElo "2103"]
[BlackElo "2255"]
[PlyCount "127"]
[EventDate "2009.10.10"]
[EventType "swiss"]
[EventRounds "9"]
[EventCountry "ESP"]
[Source "lmi"]
[SourceDate "2009.10.10"]

1. e4 g6 2. d4 Bg7 3. Nc3 d6 4. f4 a6 5. Be3 b5 6. a3 Bb7 7. Nf3 Nd7 8. e5 Nh6
9. h3 O-O 10. g4 c5 11. d5 Nb6 12. Qd2 b4 13. axb4 cxb4 14. Qf2 bxc3 15. Bxb6
cxb2 16. Rb1 Qc8 17. Qd2 f5 18. Ng5 fxg4 19. Ne6 dxe5 20. hxg4 Nxg4 21. Be2
Rxf4 22. c4 Qxe6 23. dxe6 Bxh1 24. Rxb2 Bc6 25. Rb3 Bh6 26. Qb4 Bg5 27. Qc5
Bh4+ 28. Kd2 Rc8 29. Qg1 Bg5 30. Kc3 h5 31. Be3 Bf6 32. Bxf4 exf4+ 33. Kb4 f3
34. Bf1 Be5 35. Qa7 a5+ 36. Ka3 Kf8 37. Qa6 Rc7 38. Rb8+ Kg7 39. Qxa5 Kf6 40.
Rg8 g5 41. c5 Ne3 42. Bd3 Kxe6 43. Rxg5 Rc8 44. Rxe5+ Kxe5 45. Qc3+ Ke6 46. Ba6
Ra8 47. Qxe3+ Kf5 48. Kb4 e5 49. Bf1 Ra4+ 50. Kb3 Rh4 51. Qh6 Bd5+ 52. Kc3 Rh1
53. Qf8+ Kg4 54. Qg7+ Kf5 55. Ba6 Be4 56. Bc8+ Kf4 57. Qf6+ Ke3 58. Qxe5 Rc1+
59. Kb3 Rb1+ 60. Ka2 f2 61. Ba6 f1=Q 62. Bxf1 Rxf1 63. c6 Rc1 64. Qg5+ 1-0

[Event "Festival de Calviá 2009 - 6. Open s2300"]
[Site "Calvia ESP"]
[Date "2009.10.15"]
[Round "6.10"]
[White "Ducros Salva, Antonio"]
[Black "Planas Gene, Juan"]
[Result "1/2-1/2"]
[WhiteElo "2239"]
[BlackElo "2130"]
[PlyCount "52"]
[EventDate "2009.10.10"]
[EventType "swiss"]
[EventRounds "9"]
[EventCountry "ESP"]
[Source "lmi"]
[SourceDate "2009.10.10"]

1. c4 Nf6 2. g3 g6 3. Bg2 Bg7 4. Nc3 O-O 5. e4 d6 6. Nge2 c6 7. O-O e5 8. d3 a6
9. a4 Nbd7 10. h3 Ne8 11. Be3 f5 12. exf5 gxf5 13. d4 f4 14. gxf4 Qh4 15. fxe5
dxe5 16. f4 exd4 17. Bxd4 Ndf6 18. Qd3 Nh5 19. Bxg7 Nhxg7 20. Qf3 Ne6 21. f5
N6g7 22. Qg4 Qe7 23. Qe4 Qc5+ 24. Qd4 Qxd4+ 25. Nxd4 Nxf5 26. Nxf5 Rxf5 1/2-1/2

[Event "Festival de Calviá 2009 - 6. Open s2300"]
[Site "Calvia ESP"]
[Date "2009.10.15"]
[Round "6.11"]
[White "Hutchinson, Norman A"]
[Black "Fruebing, Thomas"]
[Result "0-1"]
[WhiteElo "2096"]
[BlackElo "2232"]
[PlyCount "53"]
[EventDate "2009.10.10"]
[EventType "swiss"]
[EventRounds "9"]
[EventCountry "ESP"]
[Source "lmi"]
[SourceDate "2009.10.10"]

1. e4 e6 2. d4 d5 3. Nd2 Nc6 4. Ngf3 Nf6 5. e5 Nd7 6. Nb3 a5 7. a4 Be7 8. Bb5
Ncb8 9. O-O b6 10. Ne1 O-O 11. f4 f5 12. exf6 Nxf6 13. Qe2 c6 14. Bd3 c5 15. c4
cxd4 16. cxd5 exd5 17. Nf3 Nc6 18. Bb5 d3 19. Qxd3 Nb4 20. Qe2 Ne4 21. Be3 Nd6
22. Nfd4 Nxb5 23. Nxb5 Bf5 24. N3d4 Bd3 25. Qg4 Bc4 26. Rf3 Rf7 27. Rg3 0-1